| 000 | 00536nam a2200193Ia 4500 | ||
|---|---|---|---|
| 003 | OSt | ||
| 005 | 20240612124603.0 | ||
| 008 | 210210b2002 xxu||||| |||| 00| 0 eng d | ||
| 040 | _cAL | ||
| 041 | _aKannada | ||
| 082 | _aK894.1 SARA | ||
| 100 |
_aSARAJU KATKAR. _dಸರಜು ಕಾಟ್ಕರ್ _9170240 |
||
| 245 |
_aAvva: kavitegalu. _bಅವ್ವ: ಕವಿತೆಗಳು |
||
| 260 |
_aBallari. _bLohiya Prakashana., _c2002 |
||
| 300 | _axii,72 | ||
| 690 |
_aKannada Poetry _9170241 |
||
| 906 | _a057328 | ||
| 942 |
_2ddc _cBK |
||
| 999 |
_c104861 _d104861 |
||